02022npm a2200289 a 4500003000900000005001700009008004100026020003400067020002400101020002400125020002400149040002800173082002200201084001200223245006800235260007600303300007200379500006000451500006900511505082900580546003801409650002101447650002101468650007601489650007701565650009001642CO-ViMGA20230915233127.0120726s2004 sp r r spa d a9788470696169 (Obra completa) a9788470696176 (v.1) a9788470696183 (v.2) a9788470696190 (v.3) aCO-ViMGAbspacCO-ViMGA04aI428.07 221bS28 aKIT000600aSesame english h[conjunto] = bCurso infantil de inglés. aBarcelona : bEditorial Oceano ; aNew York : bSesame Workshop,c2004. a1 kit (1 caja) : bil. ; c30 cm. + e3 libros, 4 CD-Rom y 6 DVD's. aEl kit esta compuesto por 3 libros, 4 CD-Rom y 6 DVD's. aMaterial bibliográfico sugerido para fines de autoaprendizaje.0 av.1 Family and home. -- v.2 Animals and pets. -- v.3 Food and eating. -- CD-Rom1: Interactive picture dictionary. -- CD-Rom2: 1 Family and home. -- CD-Rom3: 2 Animal and pets. -- CD-Rom4: 3 Food and eating. -- DVD1: Family and home - 1: All in the family ; Wake up, Niki! ; How does it feel? ; Yes, baby!. -- DVD2: Family and home - 2: Tingo meets the band ; Exercise emergencies ; Mine! ; Family acrobatics. -- DVD3: Animals and pets - 1: Rock on ; Just say it, Jake ; A zoo for Jenny ; Tingo hears a noise. -- DVD4: Animals and pets - 2: Push me, pull me ; Where is it? ; The fugitive ; Yes, I can. -- DVD5: Food and eating - 1: I'm hungry ; Vegetable soup ; Where is the chicken? ; Do you like it?. -- DVD6: Food and eating - 2: Make me a sandwich ; Niki is thankgiving disaster ; A home run for Niki ; Cooking with Jake. aMaterial en inglés y español.14aAutoaprendizaje.14aAutoformación.14aInglésx Enseñanza primariax Libros ilustrados para niñosv Kit.14aInglésx Estudio y enseñanzax Libros ilustrados para niñosv Kit.14aInglésx Gramáticax Enseñanza primariax Libros ilustrados para niñosv Kit.